Eastern Utah Libraries Catalog: Duchesne, Heber, Roosevelt, & Vernal

The haunted mesa / (Record no. 41260)

MARC details
000 -LEADER
fixed length control field 01055cam a2200349Ka 4500
001 - CONTROL NUMBER
control field ocm53478468
003 - CONTROL NUMBER IDENTIFIER
control field OCoLC
005 - DATE AND TIME OF LATEST TRANSACTION
control field 20241220115520.0
008 - FIXED-LENGTH DATA ELEMENTS--GENERAL INFORMATION
fixed length control field 031121s2002 nyub e 000 1 eng d
010 ## - LIBRARY OF CONGRESS CONTROL NUMBER
Canceled/invalid LC control number 86047576
020 ## - INTERNATIONAL STANDARD BOOK NUMBER
Cancelled/invalid ISBN 0553270222 (pbk.)
035 ## - SYSTEM CONTROL NUMBER
System control number (Sirsi) o53478468
040 ## - CATALOGING SOURCE
Original cataloging agency CMI
Transcribing agency CMI
Modifying agency OCLCQ
-- OCL
-- OCLCA
-- UINTA
Description conventions rda
043 ## - GEOGRAPHIC AREA CODE
Geographic area code n-ust--
049 ## - LOCAL HOLDINGS (OCLC)
Holding library UCLB
092 0# - LOCALLY ASSIGNED DEWEY CALL NUMBER (OCLC)
Classification number 813.54
Edition number 21
092 ## - LOCALLY ASSIGNED DEWEY CALL NUMBER (OCLC)
Classification number L'AMOUR
100 1# - MAIN ENTRY--PERSONAL NAME
Personal name L'Amour, Louis,
Dates associated with a name 1908-1988.
9 (RLIN) 6163473
245 14 - TITLE STATEMENT
Title The haunted mesa /
Statement of responsibility, etc Louis L'Amour.
260 ## - PUBLICATION, DISTRIBUTION, ETC. (IMPRINT)
Place of publication, distribution, etc New York :
Name of publisher, distributor, etc Bantam Books,
Date of publication, distribution, etc 2002.
264 ## - Production, Publication, Distribution, Manufacture, and Copyright Notice.
Place of production, publication, distribution, manufacture New York :
Name of producer, publisher, distributor, manufacturer Bantam Books,
Date of production, publication, distribution, manufacture, or copyr 2002.
300 ## - PHYSICAL DESCRIPTION
Extent 362 p. :
Other physical details map ;
Dimensions 18 cm.
336 ## - Content Type
Content type term Text
337 ## - Media type
Media type term Book
338 ## - Carrier type
Carrier type term Paperback
650 #0 - SUBJECT ADDED ENTRY--TOPICAL TERM
Topical term or geographic name as entry element Pueblo Indians
Form subdivision Fiction.
9 (RLIN) 5736397
650 #0 - SUBJECT ADDED ENTRY--TOPICAL TERM
Topical term or geographic name as entry element Fourth dimension
Form subdivision Fiction.
9 (RLIN) 6378316
650 #0 - SUBJECT ADDED ENTRY--TOPICAL TERM
Topical term or geographic name as entry element Cliff-dwellers
Form subdivision Fiction.
9 (RLIN) 6401244
651 #0 - SUBJECT ADDED ENTRY--GEOGRAPHIC NAME
Geographic name Southwest, New
Form subdivision Fiction.
9 (RLIN) 5733373
655 #0 - INDEX TERM--GENRE/FORM
Genre/form data or focus term Western stories.
9 (RLIN) 6163476
942 ## - ADDED ENTRY ELEMENTS (KOHA)
Koha item type BOOK
Source of classification or shelving scheme Dewey Decimal Classification
Holdings
Withdrawn status Lost status Source of classification or shelving scheme Damaged status Not for loan Collection code Home library Current library Shelving location Date acquired Source of acquisition Cost, normal purchase price Total Checkouts Total Renewals Full call number Barcode Date last seen Date checked out Cost, replacement price Price effective from Koha item type
  Missing Dewey Decimal Classification     Fiction Wasatch County Library Wasatch County Library First Floor 09/12/2012 Amazon 7.99 14 5 F L'Amour 34301001117631 06/30/2022 08/19/2021 7.99 03/20/2020 BOOK
This project was made possible through a grant from the Institute of Museum and Library Service administered by the Utah State Library Division.

Wasatch County Library

  • 465 East 1200 South, Heber City, Utah 84032
  • Phone 435-654-1511 | Fax 435-654-6456

Hours

  • Monday - Friday 9:30 AM - 8:00 PM
  • Saturday 9:30 AM - 1:30 PM
  • Closed Sundays and Holidays